[Event "Windsor NAYCC U12"]
[Site "Windsor"]
[Date "2016.08.11"]
[Round "8.108"]
[White "Damarla, Rishi"]
[Black "Boyd, Alexander Glenn"]
[Result "1-0"]
[WhiteElo "1065"]
[BlackElo "1247"]
[PlyCount "99"]
[EventDate "2016.08.07"]
[EventType "swiss"]
[EventRounds "9"]
[EventCountry "CAN"]
[SourceTitle "EXT 2022"]
[Source "ChessBase"]
[SourceDate "2021.10.06"]
[SourceVersion "1"]
[SourceVersionDate "2021.10.06"]
[SourceQuality "1"]

1. e4 c5 2. Nf3 d6 3. d4 cxd4 4. Nxd4 Nf6 5. Nc3 g6 6. Be2 Bg7 7. Be3 0-0 8. 0-0 Nc6 9. h3 Ne8 10. Nxc6 bxc6 11. Qd2 Bb7 12. Rad1 c5 13. Bf3 Nf6 14. Qd3 Qc7 15. Rfe1 c4 16. Qd2 a6 17. Bh6 Qd7 18. Bxg7 Kxg7 19. Re3 Rab8 20. e5 Bxf3 21. exf6+ Kxf6 22. Rxf3+ Kg7 23. Qd4+ Kg8 24. b3 Rfc8 25. Qf4 Qf5 26. Qxf5 gxf5 27. bxc4 Rxc4 28. Rdd3 Rb2 29. Rxf5 Rxc2 30. Rg3+ Kf8 31. Rff3 Rb4 32. Rg4 Rxg4 33. hxg4 e6 34. Ne4 d5 35. Ng5 h6 36. Nxe6+ Ke7 37. Nf4 Rc1+ 38. Kh2 d4 39. Rd3 Rc2 40. Rxd4 Rxf2 41. a4 Kf6 42. Rb4 Kg5 43. Nh3+ Kf6 44. Nxf2 Ke5 45. Rb6 Kd5 46. Rxa6 Kc5 47. Ra8 Kb4 48. a5 Kb5 49. a6 Kb6 50. Rf8 1-0

[Event "Windsor NAYCC U12"]
[Site "Windsor"]
[Date "2016.08.10"]
[Round "7.108"]
[White "Boyd, Alexander Glenn"]
[Black "Kobla, Akshay"]
[Result "0-1"]
[WhiteElo "1247"]
[BlackElo "1382"]
[PlyCount "74"]
[EventDate "2016.08.07"]
[EventType "swiss"]
[EventRounds "9"]
[EventCountry "CAN"]
[SourceTitle "EXT 2022"]
[Source "ChessBase"]
[SourceDate "2021.10.06"]
[SourceVersion "1"]
[SourceVersionDate "2021.10.06"]
[SourceQuality "1"]

1. e4 c5 2. Nf3 d6 3. d4 cxd4 4. Nxd4 Nf6 5. Nc3 g6 6. Be3 Bg7 7. f3 Nc6 8. Qd2 0-0 9. 0-0-0 Nxd4 10. Bxd4 Be6 11. Kb1 Qc7 12. Be3 Rfc8 13. g4 Qa5 14. a3 Rc7 15. h4 Rac8 16. Bd4 a6 17. Qe3 Nd7 18. Rd3 Bc4 19. Rd2 Bxd4 20. Qxd4 Bxf1 21. h5 Bc4 22. hxg6 fxg6 23. Rxh7 Kxh7 24. Rh2+ Kg8 25. Qh8+ Kf7 26. Qh7+ Ke6 27. Qxg6+ Nf6 28. f4 Rg8 29. f5+ Kd7 30. Qh6 Rxg4 31. Qe3 Bg8 32. Rd2 Rxc3 33. bxc3 Qxa3 34. Qb6 Ba2+ 35. Ka1 Bb3+ 36. Kb1 Qa2+ 37. Kc1 Qa1# 0-1

[Event "Windsor NAYCC U12"]
[Site "Windsor"]
[Date "2016.08.09"]
[Round "5.106"]
[White "Boyd, Alexander Glenn"]
[Black "Kapoor, Arjun"]
[Result "1-0"]
[WhiteElo "1247"]
[BlackElo "590"]
[PlyCount "72"]
[EventDate "2016.08.07"]
[EventType "swiss"]
[EventRounds "9"]
[EventCountry "CAN"]
[SourceTitle "EXT 2022"]
[Source "ChessBase"]
[SourceDate "2021.10.06"]
[SourceVersion "1"]
[SourceVersionDate "2021.10.06"]
[SourceQuality "1"]

1. e4 e5 2. Nf3 d6 3. d4 Nc6 4. dxe5 dxe5 5. Qxd8+ Nxd8 6. Nxe5 Nc6 7. Bb5 a6 8. Nxc6 axb5 9. Nd4 Nf6 10. 0-0 Bd7 11. Bg5 Bc5 12. Bxf6 gxf6 13. Nf5 Bxf5 14. exf5 Bd4 15. Re1+ Kf8 16. c3 Bb6 17. Na3 Re8 18. Nxb5 Rxe1+ 19. Rxe1 c6 20. Nd6 Bc5 21. Nxb7 Be7 22. a4 Kg7 23. Rxe7 Rb8 24. a5 Ra8 25. b4 Ra7 26. c4 Kf8 27. Rc7 Ra8 28. b5 cxb5 29. cxb5 Re8 30. g3 Re1+ 31. Kg2 Re5 32. Nd6 Re7 33. Rxe7 Kxe7 34. a6 Kxd6 35. a7 Kc5 36. a8Q Kxb5 1-0